Manufacturing 2000
| Main Author: | |
|---|---|
| Format: | Book |
| Published: |
New York:
AMACOM,
1994.
|
| Subjects: |
| LEADER | 00424cam a2200157 7i4500 | ||
|---|---|---|---|
| 001 | 0000003600 | ||
| 005 | 19991025090000.0 | ||
| 002 | ##000004976 | ||
| 020 | 0 | 0 | |a T000004462 |
| 090 | 0 | 0 | |a B 670.68 |b DUN |
| 100 | 0 | 0 | |a Duncan, William L. |
| 245 | 0 | 0 | |a Manufacturing 2000 |c William L. Duncan. |
| 260 | 0 | 0 | |a New York: |b AMACOM, |c 1994. |
| 300 | 0 | 0 | |a 277p. |
| 650 | 0 | 0 | |a Manufactures |
| 999 | |a 0000005933 |b Book |c Open shelf |e Business Information Centre | ||